LEADER 00959nam0 22002531i 450 001 UON00337415 005 20231205104245.33 100 $a20091012d1975 |0itac50 ba 101 $aeng 102 $aGB 105 $a|||| 1|||| 200 1 $aˆA ‰blue wing tilts at the edge of the sea$eselected poems 1964-1974$fDonald Hall 210 $aLondon$cSecker & Warburg$d1975 215 $a62 p.$d23 cm. 620 $aGB$dLondon$3UONL003044 676 $a821.91$cPoesia inglese, 1900-1999$v21 700 1$aHALL$bDonald$3UONV190583$0188842 712 $aSecker & Warburg$3UONV249248$4650 801 $aIT$bSOL$c20240220$gRICA 899 $aSIBA - SISTEMA BIBLIOTECARIO DI ATENEO$2UONSI 912 $aUON00337415 950 $aSIBA - SISTEMA BIBLIOTECARIO DI ATENEO$dSI Angl VI A HAL $eSI SI 8571 5 996 $aBlue wing tilts at the edge of the sea$91363697 997 $aUNIOR